|
|
|
|
| LEADER |
00000nam0a2200000 4500 |
| 001 |
259976 |
| 005 |
20231101233432.0 |
| 035 |
|
|
|a (RuTPU)RU\TPU\book\282922
|
| 090 |
|
|
|a 259976
|
| 100 |
|
|
|a 20140513d1972 k y0rusy50 ca
|
| 101 |
0 |
|
|a rus
|a eng
|
| 102 |
|
|
|a UA
|
| 105 |
|
|
|a a z 101zy
|
| 200 |
1 |
|
|a Структура ядра
|e Международная школа по структуре ядра, 13-28 апреля 1972 г. г. Алушта
|e лекции
|f под ред. В. Г. Соловьева
|
| 210 |
|
|
|a Алушта
|c Изд-во Ин-та ядерных исследований
|d 1972
|
| 215 |
|
|
|a 525 с.
|c ил.
|
| 320 |
|
|
|a Библиография в конце лекций.
|
| 606 |
1 |
|
|a Ядерная физика
|2 stltpush
|3 (RuTPU)RU\TPU\subj\21560
|9 46524
|
| 610 |
1 |
|
|a ядро
|
| 610 |
1 |
|
|a теория
|
| 610 |
1 |
|
|a метод Хартри-Фока
|
| 610 |
1 |
|
|a парные корреляции
|
| 610 |
1 |
|
|a полумикроскопический подход
|
| 610 |
1 |
|
|a нейтронные резонансы
|
| 610 |
1 |
|
|a вращательное движение
|
| 610 |
1 |
|
|a рассеяние
|
| 610 |
1 |
|
|a реакции
|
| 610 |
1 |
|
|a сферические ядра
|
| 610 |
1 |
|
|a изометрия
|
| 610 |
1 |
|
|a колебательные уровни
|
| 610 |
1 |
|
|a потенциал Лейна
|
| 610 |
1 |
|
|a нуклонное движение
|
| 610 |
1 |
|
|a деформации
|
| 610 |
1 |
|
|a лекции
|
| 675 |
|
|
|a 539.14
|v 3
|
| 702 |
|
1 |
|a Соловьев
|b В. Г.
|4 340
|
| 712 |
1 |
2 |
|a Структура ядра
|b Международная школа
|e Алушта
|f 1972
|
| 801 |
|
1 |
|a RU
|b 63413507
|c 20140513
|
| 801 |
|
2 |
|a RU
|b 63413507
|c 20150625
|g RCR
|
| 942 |
|
|
|c BK
|